[Event "3. Open Bohumin 2020"]
[Site "Bohumin"]
[Date "2020.07.22"]
[Round "5.13"]
[White "Rodshtein, Tereza"]
[Black "Warchol, Kamil"]
[Result "1-0"]
[WhiteElo "2186"]
[BlackElo "1911"]
[Annotator "TA"]
[PlyCount "165"]
[EventDate "2020.07.18"]
[EventType "swiss"]
[EventCountry "CZE"]
[SourceTitle "playchess.com"]
[Source "ChessBase"]
[SourceQuality "1"]

{[%evp 20,165,36,31,71,63,72,73,87,79,77,79,158,156,193,191,172,94,108,108,102,102,105,93,112,0,0,0,4,0,0,-5,19,8,41,11,6,6,12,6,47,0,0,-61,0,0,0,0,8,7,1,0,0,0,34,26,166,157,286,267,223,8,8,0,0,0,0,0,0,0,0,0,0,0,8,8,8,8,8,8,8,8,75,8,8,8,8,8,11,8,8,0,18,19,30,8,29965,29965,29961,29969,29971,29972,29970,29972,29973,29974,29977,29975,29975,29972,29975,29976,29975,29977,29977,29978,29979,29980,29980,29978,29979,29980,29980,29978,29980,29979,29979,29979,29984,29985,29985,29986,29986,29987,29987,29987,29987,29979,29979,29980,29980,29981,29981,29981,29982,29981,29980,29980]} 1. e4 e5 2. Nf3 Nc6 3. Nc3 Nf6 4. Bb5 d6 5. d4 exd4 6. Qxd4 Bd7 7. Bxc6 Bxc6 8. Bg5 Be7 9. O-O-O O-O 10. Rhe1 h6 11. Bh4 Re8 {C62: Ruy Lopez: Steinitz Defence.} 12. e5 dxe5 13. Qc4 $1 Nd7 {White is better.} 14. Nxe5 {[%mdl 64] [#] Double Attack} Bxh4 $146 ({Predecessor:} 14... Nxe5 15. Rxe5 Bd7 16. Red5 Bxh4 17. Rxd7 Qg5+ 18. Kb1 Qh5 19. R7d5 Bg5 20. Qxc7 Qg6 {½-½ (38) Biastoch,B (2105)-Heistermann,T (2109) Germany 2017}) 15. Qxf7+ (15. Nxc6 Qg5+ 16. f4 Nb6 $15) 15... Kh8 (15... Kh7 $142 16. Nxc6 Qg5+ 17. f4 Qf6 18. Qxf6 Nxf6 19. Rxe8 Rxe8) 16. Nxc6 $16 bxc6 17. Rxe8+ Qxe8 18. Qxe8+ (18. Qxd7 $6 Bxf2 19. Qxc7 Be1 $14) (18. Rxd7 $18 {[%csl Gd7][%cal Rf7g7]} Bg5+ 19. Kd1 Qxd7+ 20. Qxd7) 18... Rxe8 19. Rxd7 Bxf2 20. Rxc7 {[%mdl 4096] Endgame KRB-KRN} Re1+ 21. Kd2 Rg1 22. Rxc6 (22. g3 $16) 22... Rxg2 $11 23. h3 Rh2 24. Ne2 Rxh3 25. c4 Kg8 26. c5 g5 27. Rc8+ Kf7 28. c6 Ke7 29. b4 h5 30. b5 (30. Nc3 $5 {[%cal Rc3d5]} Bg3 31. Nd5+ Ke6 32. Rd8 $11 (32. c7 Bxc7 33. Nxc7+ Kd7 $11)) 30... Bb6 31. Kc2 (31. Rh8 $11) 31... g4 (31... Re3 $15 32. Nc3 Re5) 32. Rg8 Rf3 33. Rg5 Ra3 34. Nc3 {Strongly threatening Kb2.} Ba5 $132 {[%mdl 2048] Black is fighting back} 35. Nd5+ Kd6 36. Kb2 Rh3 37. Nf4 $1 {[%csl LRh3,LRh5][%mdl 64] Double Attack} Rh2+ (37... Rf3 $1 $11 {and Black has nothing to worry.} 38. Nxh5 a6) 38. Kb3 $18 {Black must now prevent Rd5+.} Bb6 (38... Rd2 $16 39. Nxh5 Rd4) 39. Rd5+ $1 ({Don't take} 39. Nxh5 $6 a6 $18) ({Inferior is} 39. Rxh5 Rxh5 40. Nxh5 Kc5 $11) 39... Ke7 40. Nxh5 $2 (40. Rd7+ $1 $18 Ke8 41. Nd5) 40... Rh3+ $1 $11 41. Kb4 {Hoping for Rd7+.} g3 $1 42. Rd7+ Kf8 $1 43. Nxg3 ({Don't go for} 43. Nf4 $2 Rh4 $19) 43... Rxg3 {KRB-KR} 44. c7 Rg4+ 45. Kc3 Rg3+ 46. Kc4 Rg4+ 47. Kd5 Bxc7 $1 48. Rxc7 {KR-KR} Ra4 49. Rc2 Ke7 50. Kc6 Kd8 (50... Ra5 $11 {keeps the balance.}) 51. Kb7 (51. Rh2 $16) 51... Ra5 $1 52. Rd2+ Ke7 53. Kc6 Ke8 54. Kc5 Ra4 55. Kc6 Ra5 56. Rh2 {And now Rh8+ would win.} Ke7 57. Rh7+ Ke8 $2 {[%mdl 8192] Black is on the road to losing.} (57... Ke6 $11) 58. Rh8+ {White mates.} Ke7 {[#]} 59. Ra8 $1 Kf7 {[#]} 60. a4 $1 {[%mdl 512]} Ke6 {[#]} (60... Rxa4 61. b6) 61. Kb7 $1 Rxa4 62. Rxa7 Rh4 63. Ra1 Kd6 64. Rc1 Rh2 65. b6 {[%cal Bb5b6,Bb6b7][%mdl 32]} Rb2 66. Ka7 Ra2+ 67. Kb8 Rb2 68. b7 Rh2 69. Rc8 Rb2 70. Rc4 Kd7 71. Rc5 Rb1 72. Rc7+ Kd8 73. Rc3 Rd1 74. Ka7 Ra1+ 75. Kb6 Rb1+ 76. Kc6 Rb2 77. Rd3+ Ke7 78. Kc7 Rc2+ 79. Kb8 Rb2 80. Rd4 Ke6 81. Kc7 Ke5 82. Rc4 Kd5 83. Rc1 {Accuracy: White = 84%, Black = 75%.} 1-0

[Event "3. Open Bohumin 2020"]
[Site "Bohumin"]
[Date "2020.07.22"]
[Round "5.14"]
[White "Kubos, Rostislav"]
[Black "Terpstra, Wiep"]
[Result "1-0"]
[WhiteElo "2134"]
[BlackElo "1803"]
[Annotator "TA"]
[PlyCount "88"]
[EventDate "2020.07.18"]
[EventType "swiss"]
[EventCountry "CZE"]
[SourceTitle "playchess.com"]
[Source "ChessBase"]
[SourceQuality "1"]

{[%evp 24,88,64,36,63,63,94,80,112,109,133,133,132,116,130,114,125,135,139,107,131,110,85,25,21,26,71,20,95,78,153,112,162,152,225,220,330,316,407,414,457,445,423,413,482,453,453,453,442,453,433,403,485,502,779,751,2446,2316,1774,3241,29986,29987,29987,29988,29988,29989,29989]} 1. Nf3 d6 2. d4 Nf6 3. c4 g6 4. Nc3 Bg7 5. e4 O-O 6. Be2 e5 7. d5 a5 8. Bg5 h6 9. Bh4 g5 10. Bg3 Na6 11. Nd2 Nc5 12. O-O Bd7 13. b3 Qc8 {E92: King's Indian: Classical: 6 Be2 e5: 7 dxe5, 7 Be3 and Petrosian System without 7...Nbd7.} 14. a3 {[%cal Ba2a3,Ba3b4][%mdl 32]} Bg4 15. f3 Bh5 {White is better.} 16. b4 axb4 17. axb4 Rxa1 18. Qxa1 Na6 19. Qa3 {[#]} c5 $146 ({Predecessor:} 19... Nd7 20. Bf2 Bg6 21. c5 dxc5 22. bxc5 f5 23. c6 Ndb8 24. cxb7 Qxb7 25. Rb1 Qc8 26. exf5 Bxf5 27. Nce4 Rf7 28. Ra1 Bf8 29. Bxa6 Bxa3 30. Bxc8 {1-0 (30) Olarasu,G (2355)-Heutschi,M (2140) Olanesti 1997}) 20. dxc6 Qxc6 21. Bf2 {Strongly threatening b5.} Nc7 22. g4 Bg6 23. Rd1 (23. Nd5 $16 {aiming for Ne7+.} Qd7 24. Nxc7 Qxc7 25. Ra1) 23... Ra8 $11 24. Qb2 h5 {[#]} 25. h3 (25. Nd5 $1 $16 {[%cal Rd5e7] Hoping for Ne7+.} Nfxd5 26. cxd5) 25... hxg4 (25... Ne6 $11 {remains equal.}) 26. hxg4 {White leaves nothing to chance now.} Bf8 (26... Ne6 $142) 27. Nb3 b6 28. Be3 Nh7 (28... Ne6 $16 {was necessary.}) 29. Rc1 f6 (29... Rb8 {was worth a try.} 30. b5 Qe8) 30. Nd5 $18 Rb8 31. b5 Qb7 {Now ...Nxd5 and Black clings on.} 32. Nxb6 Ne6 33. Nd5 Nc5 34. Nxc5 dxc5 35. Ra1 Bf7 36. Bd3 Kg7 37. Qa2 Be6 38. Qa7 Bd6 (38... Qxa7 $142 39. Rxa7+ Kg6) 39. Bxc5 Bxd5 40. exd5 Bxc5+ 41. Qxc5 Qd7 42. Bf5 {White mates.} Qf7 {[#]} 43. Ra7 $1 Rb7 44. Rxb7 Qxb7 {Accuracy: White = 75%, Black = 32%.} 1-0

[Event "3. Open Bohumin 2020"]
[Site "Bohumin"]
[Date "2020.07.22"]
[Round "5.15"]
[White "Gnojek, Petr"]
[Black "Mrazek, Roman"]
[Result "1-0"]
[WhiteElo "2126"]
[BlackElo "1839"]
[Annotator "ChessBase"]
[PlyCount "57"]
[EventDate "2020.07.18"]
[EventType "swiss"]
[EventCountry "CZE"]
[SourceTitle "playchess.com"]
[Source "ChessBase"]
[SourceQuality "1"]
[TimeControl "40/5400+30:900+30"]

1. d4 {[%emt 0:00:00]} d5 {[%emt 0:00:00]} 2. c4 {[%emt 0:00:00]} c6 {[%emt 0:00:00]} 3. Nf3 {[%emt 0:00:00]} Nf6 {[%emt 0:00:00]} 4. Nc3 {[%emt 0:00:00]} dxc4 {[%emt 0:00:10]} 5. a4 {[%emt 0:00:22]} Bf5 {[%emt 0:00:12]} 6. e3 {[%emt 0:00:07]} e6 {[%emt 0:00:38]} 7. Bxc4 {[%emt 0:00:09]} Bb4 {[%emt 0:00:09]} 8. O-O {[%emt 0:00:20]} Nbd7 {[%emt 0:00:20]} 9. Qe2 {[%emt 0:00:29]} O-O {[%emt 0:00:19]} 10. e4 {[%emt 0:00:16]} Bg6 {[%emt 0:00:51]} 11. Bd3 {[%emt 0:07:04]} Bh5 {[%emt 0:02:36]} 12. Bf4 {[%emt 0:08:29]} Rc8 {[%emt 0:07:32]} 13. Rfd1 {[%emt 0:03:06]} Re8 {[%emt 0:03:53]} 14. e5 {[%emt 0:06:12]} Nd5 {[%emt 0:00:54]} 15. Nxd5 {[%emt 0:00:05]} cxd5 {[%emt 0:00:13]} 16. Rac1 {[%emt 0:00:13]} Rxc1 {[%emt 0:11:49]} 17. Rxc1 {[%emt 0:00:06]} Bg6 {[%emt 0:00:44]} 18. Bxg6 {[%emt 0:00:23]} hxg6 {[%emt 0:01:38]} 19. Qb5 {[%emt 0:00:07]} Ba5 {[%emt 0:02:57]} 20. Qxb7 {[%emt 0:00:25]} Bb6 {[%emt 0:02:03]} 21. Bd2 {[%emt 0:01:34]} Nf8 {[%emt 0:04:27]} 22. Qc6 {[%emt 0:01:11]} Re7 {[%emt 0:06:04]} 23. Bg5 {[%emt 0:00:28]} f6 {[%emt 0:00:23]} 24. exf6 {[%emt 0:00:05]} Rc7 {[%emt 0:02:41]} 25. f7+ {[%emt 0:00:06]} Kxf7 {[%emt 0:00:07]} 26. Ne5+ {[%emt 0:00:05]} Kg8 {[%emt 0:01:30]} 27. Bxd8 {[%emt 0:00:06]} Rxc6 {[%emt 0:00:03]} 28. Nxc6 {[%emt 0:00:06]} Bxd8 {[%emt 0:00:12]} 29. Nxd8 1-0

[Event "3. Open Bohumin 2020"]
[Site "Bohumin"]
[Date "2020.07.22"]
[Round "5.16"]
[White "Posluszny, Tomasz"]
[Black "Starosta, Martyna"]
[Result "1-0"]
[WhiteElo "1977"]
[BlackElo "2079"]
[Annotator "TA"]
[PlyCount "95"]
[EventDate "2020.07.18"]
[EventType "swiss"]
[EventCountry "CZE"]
[SourceTitle "playchess.com"]
[Source "ChessBase"]
[SourceQuality "1"]

{[%evp 13,95,58,55,32,70,69,88,87,121,122,131,125,121,46,54,34,34,0,69,58,129,121,108,110,110,66,58,46,129,9,34,-6,0,-81,-95,-132,-101,-183,-139,-202,-106,-125,-63,-59,-41,-172,-35,-62,-68,-47,10,0,0,0,154,146,141,159,128,147,95,68,78,76,23,30,1555,1567,1738,1416,1728,1721,29984,29985,29984,29985,29991,29992,29996,29997,29997,29998,29998,1446]} 1. d4 Nf6 2. c4 g6 3. Nc3 Bg7 4. e4 d6 5. Nge2 O-O 6. Ng3 c5 7. d5 a6 8. a4 {E70: King's Indian: Miscellaneous lines with 4 e4, including 5 Nge2 and 5 Bd3 0-0 6 Nge2.} Bd7 {8...h5 is the modern continuation.} 9. Be2 {[#]} Ne8 $146 ({Predecessor:} 9... a5 10. O-O Na6 11. f4 e6 12. Be3 exd5 13. cxd5 h5 14. e5 Ng4 15. Bxg4 Bxg4 {1-0 (34) Strunski,A (2245)-Fuchs,J (2151) playchess.com INT 2008}) 10. Be3 {White is better.} f5 11. exf5 Bxf5 12. Qd2 Nd7 13. Nge4 (13. Nxf5 $16 gxf5 14. O-O) 13... Ne5 14. f3 Qb6 15. a5 Qc7 (15... Qb3 $11) 16. Nf2 b6 (16... Nf6 $14) 17. f4 Nf7 18. g4 Bd7 19. axb6 Qxb6 20. O-O e5 (20... Rb8 $14) 21. Nd3 (21. dxe6 $16 Bxe6 22. Nfe4) 21... exf4 $11 22. Nxf4 {And now Ne6 would win.} Nc7 23. Rfb1 (23. Nd3 $11 {keeps the balance.}) 23... Rae8 24. Kg2 Qb8 {...Ne5 is the strong threat.} 25. Nd1 (25. Nd3 $17) 25... Ne5 26. h3 {[#]} (26. Nf2 $17) 26... Qc8 ({Better is} 26... h5 $1 $19 {[%cal Rh5g4][%mdl 512]} 27. Nf2 (27. gxh5 Qd8) 27... hxg4 28. Nxg4 Bxg4 29. hxg4 Qc8) 27. Nf2 $17 Rf7 (27... Nc6 $1 $17 {[%cal Rc6d4]} 28. dxc6 {[%mdl 64] Discovered Attack} Bxc6+ 29. Kg1 g5) 28. Ra3 $15 Qd8 (28... a5 $5) 29. Kg3 {[#]} (29. Kg1 $15) 29... Bf6 ({Weaker is} 29... g5 30. Nh5 $11) (29... Ref8 $1 $19 {aiming for ...Qe7.} 30. Ne4 Qe7 31. Nxc5 dxc5) 30. Rf1 Bh4+ 31. Kg2 Qc8 (31... Qe7 $15) 32. b4 cxb4 33. Qxb4 Bxf2 $2 ({Black should try} 33... a5 $11 34. Qxa5 {[#]} h5 $1 {[%mdl 512]}) 34. Rxf2 $16 Bxg4 35. hxg4 Nxg4 36. Bxg4 Qxg4+ 37. Kf1 g5 38. Qxd6 {Strongly threatening Ne2.} Qd1+ ({Don't blunder} 38... gxf4 $2 39. Bxf4 Qd1+ 40. Kg2 $18) 39. Kg2 {Hoping for Nh3.} gxf4 $4 {[%mdl 8192]} (39... Qg4+ $11 40. Kh2 gxf4) 40. Bxf4 $18 {Threatening mate with Rg3+.} Rg7+ 41. Rg3 {White threatens Rxg7+ and mate.} Rxg3+ 42. Bxg3 Na8 43. Qf6 {White mates.} Qh5 44. Rf5 Qe2+ 45. Kh3 {[%cal Rf5g5]} h6 46. Qg6+ Kh8 47. Qxh6+ Kg8 48. Qg6+ {White used his chance. Accuracy: White = 59%, Black = 40%.} (48. Rg5+ $142 Kf7 49. Qg7#) 1-0

[Event "3. Open Bohumin 2020"]
[Site "Bohumin"]
[Date "2020.07.22"]
[Round "5.17"]
[White "Fialka, Adam"]
[Black "Lys, Josef"]
[Result "1-0"]
[WhiteElo "1850"]
[BlackElo "2121"]
[Annotator "NA"]
[PlyCount "61"]
[EventDate "2020.07.18"]
[EventType "swiss"]
[EventCountry "CZE"]
[SourceTitle "playchess.com"]
[Source "ChessBase"]
[SourceQuality "1"]
[TimeControl "40/5400+30:900+30"]

{[%evp 11,61,22,27,35,39,29,45,35,34,26,73,33,32767,32767,32767,32767,32767,32767,56,15,32767,37,43,22,49,41,76,32767,32767,32767,32767,32767,32767,32767,32767,229,32767,260,246,256,472,512,587,678,614,763,837,712,766,779,1247,1540]} 1. d4 {[%emt 0:00:00]} Nf6 {[%emt 0:00:43]} 2. Nf3 {[%emt 0:00:00]} e6 {[%emt 0:00:22]} 3. c4 {[%emt 0:00:37]} Bb4+ {[%emt 0:00:27]} 4. Nc3 {[%emt 0:00:11]} O-O {[%emt 0:00:16]} 5. e3 {[%emt 0:05:56]} Ne4 {[%emt 0:02:30]} 6. Qc2 {[%emt 0:00:58] E50: Nimzo-Indian: Rubinstein: 4...0-0 5 Nf3.} Nxc3 {[%emt 0:04:57]} 7. bxc3 {[%emt 0:00:02]} Be7 {[%emt 0:00:17]} 8. Bd3 {[%emt 0:04:03]} h6 {[%emt 0:01:10]} 9. O-O {[%emt 0:02:49]} b6 {[%emt 0:02:58]} 10. e4 {[%emt 0:05:38] [#]} Nc6 $146 {[%emt 0:00:45]} ({Predecessor:} 10... Ba6 11. Bf4 d6 12. Qe2 Nd7 13. a4 c5 14. Ra2 Bb7 15. Rfa1 a5 16. Rb1 Rb8 {½-½ (47) Schweighofer,J (1816)-Leitl,S (1553) Innsbruck 2019}) 11. Be3 {[%emt 0:04:17]} Na5 {[%emt 0:00:22]} 12. Nd2 {[%emt 0:00:11]} Ba6 {[%emt 0:00:35]} 13. e5 {[%emt 0:08:08]} d5 {[%emt 0:02:20]} 14. cxd5 {[%emt 0:08:02]} Bxd3 {[%emt 0:01:45]} 15. Qxd3 {[%emt 0:00:06]} exd5 {[%emt 0:00:13]} 16. f4 {[%emt 0:06:46]} f5 $1 {[%emt 0:02:31]} 17. g4 {[%emt 0:00:08]} Qd7 {[%emt 0:00:38]} 18. Kh1 {[%emt 0:03:41]} Rac8 {[%emt 0:01:16]} 19. Rg1 {[%emt 0:02:38]} fxg4 {[%emt 0:01:03]} 20. Qg6 {[%emt 0:01:41]} Qf5 {[%emt 0:00:18]} 21. Rxg4 {[%emt 0:00:08]} Qxg6 {[%emt 0:00:39]} 22. Rxg6 {[%emt 0:00:02]} Rf5 {[%emt 0:02:39]} 23. Rag1 $1 {[%emt 0:01:25]} Bf8 {[%emt 0:00:16]} 24. Rxh6 {[%emt 0:02:05]} c5 {[%emt 0:00:33] [#]} 25. Nf3 $1 {[%emt 0:03:02]} Nc6 $2 {[%emt 0:01:32]} (25... Be7 {was called for.} 26. Rhg6 Bf8) 26. Nh4 {[%emt 0:00:11]} Rf7 {[%emt 0:01:43]} 27. f5 {[%emt 0:02:46]} cxd4 {[%emt 0:01:15]} 28. cxd4 {[%emt 0:00:21]} Nd8 {[%emt 0:01:42]} 29. e6 {[%emt 0:01:18]} Rb7 {[%emt 0:01:23]} 30. Rh5 {[%emt 0:00:07]} g5 {[%emt 0:02:36]} 31. Bxg5 $18 {[%emt 0:01:25]} 1-0

[Event "3. Open Bohumin 2020"]
[Site "Bohumin"]
[Date "2020.07.22"]
[Round "5.18"]
[White "Valencik, Jozef"]
[Black "Sebesta, Jan"]
[Result "1/2-1/2"]
[WhiteElo "2079"]
[BlackElo "1947"]
[Annotator "TA"]
[PlyCount "68"]
[EventDate "2020.07.18"]
[EventType "swiss"]
[EventCountry "CZE"]
[SourceTitle "playchess.com"]
[Source "ChessBase"]
[SourceQuality "1"]

{[%evp 9,68,0,28,-21,23,16,80,80,81,83,86,57,73,35,33,10,27,14,168,55,156,148,350,317,337,346,314,318,436,438,539,530,532,550,558,546,522,539,514,437,439,421,502,451,446,215,247,240,225,0,0,-130,-128,-144,-137,-138,-141,-270,0,-34,0]} 1. d4 Nf6 2. Bf4 g6 3. Nc3 d5 4. e3 Bg7 5. h4 c5 6. Be2 {A45: Trompowsky Attack.} (6. Nb5 $5 {[%cal Rb5c7]} Na6 7. Be2 $11) 6... a6 7. h5 Ne4 (7... cxd4 $11 {remains equal.} 8. exd4 gxh5) 8. Nxe4 $16 {White is better.} dxe4 9. c3 ({Of course not} 9. dxc5 Qxd1+ 10. Rxd1 Bxb2 $11) 9... cxd4 {[#]} 10. exd4 $146 ({Predecessor:} 10. cxd4 Qa5+ 11. Kf1 Nc6 12. Bg3 Bf5 13. a3 O-O 14. Nh3 Rac8 15. b4 Qb6 16. hxg6 hxg6 {1-0 (72) Anagnostopoulos,K (2350)-Breedveld,E (1843) Hersonissos 2019}) 10... Nc6 11. Qc2 Qd5 12. Nh3 Bf5 13. Be3 {Black must now prevent g4.} Rc8 $2 (13... e5 $11 {and Black stays safe.}) 14. Nf4 ({Better is} 14. h6 $18 Bf8 15. g4) 14... Qd8 (14... Qd7 $14) 15. g4 $36 {[%mdl 2048] Keeping Black busy.} Bd7 $2 (15... Nxd4 $16 16. Bxd4 Qxd4) 16. hxg6 $18 ({Don't do} 16. Qxe4 Qa5 $18) 16... hxg6 17. Rxh8+ ({Much less strong is} 17. Qxe4 Qa5 $18) 17... Bxh8 18. Qxe4 e6 19. d5 Ne5 20. dxe6 Bxe6 21. Nxe6 fxe6 22. f4 Nf7 23. Qxe6+ Kf8 24. g5 Rc6 25. Qe4 Qc8 26. Qb4+ Kg8 27. Bd4 (27. Kf2 $142) 27... Bxd4 28. Qxd4 Rd6 29. Qc4 $2 ({White should try} 29. Qe4 $18) 29... Qh3 $11 {Hoping for ...Qh4+.} 30. Qe4 (30. Kf2 $11 {keeps the balance.}) 30... Re6 $1 $17 {[%cal Re6e4]} 31. Qxb7 Qg3+ $1 {[%mdl 64] Double Attack} 32. Kf1 {Threatens to win with Qc8+.} Qh3+ {[%mdl 1024] Black has strong compensation.} 33. Ke1 {[#]} (33. Qg2 $17 Qxg2+ {[%mdl 64] Overworked Piece} 34. Kxg2 Rxe2+ {[%mdl 64] Double Attack} 35. Kf3 Rxb2 36. c4) 33... Qg3+ $2 (33... Qg4 $1 $19 {[%csl Ge6][%cal Rg4e2][%mdl 512]} 34. Qc8+ {[#]} Kg7 $1 {[%mdl 512]}) 34. Kf1 $15 {And now Qc8+ would win.} Qh3+ {Accuracy: White = 58%, Black = 48%.} 1/2-1/2

[Event "3. Open Bohumin 2020"]
[Site "Bohumin"]
[Date "2020.07.22"]
[Round "5.19"]
[White "Cempel, Jaroslav"]
[Black "Dziendziel, Mateusz"]
[Result "0-1"]
[WhiteElo "2045"]
[BlackElo "1768"]
[Annotator "NA"]
[PlyCount "58"]
[EventDate "2020.07.18"]
[EventType "swiss"]
[EventCountry "CZE"]
[SourceTitle "playchess.com"]
[Source "ChessBase"]
[SourceQuality "1"]
[TimeControl "40/5400+30:900+30"]

{[%evp 16,54,17,4,32767,32767,32767,32767,32767,-25,0,13,0,-4,32767,32767,-3,32767,32767,32767,32767,-23,-16,-21,-16,-115,-116,-126,-111,32767,-117,32767,32767,32767,-116,-117,-113,-125,-119,-409,-179]} 1. e4 {[%emt 0:00:00]} c5 {[%emt 0:00:00]} 2. Nf3 {[%emt 0:00:00]} e6 {[%emt 0:00:00]} 3. d4 {[%emt 0:00:03]} cxd4 {[%emt 0:00:00]} 4. Nxd4 {[%emt 0:00:10]} Nc6 {[%emt 0:00:00]} 5. Be3 {[%emt 0:00:11]} Qc7 {[%emt 0:00:17]} 6. c3 {[%emt 0:00:25] B44: Sicilian: Taimanov: 5 Nb5.} Nf6 {[%emt 0:00:23]} 7. Nd2 {[%emt 0:00:11]} d5 {[%emt 0:02:53]} 8. Bd3 {[%emt 0:00:17]} Ne5 {[%emt 0:10:05]} 9. Bb5+ {[%emt 0:01:01]} Bd7 {[%emt 0:00:10]} 10. Bxd7+ {[%emt 0:00:28]} Qxd7 {[%emt 0:01:16]} 11. exd5 {[%emt 0:00:30]} Nxd5 {[%emt 0:04:57]} 12. Qe2 {[%emt 0:05:41] [#]} Nxe3 $146 {[%emt 0:04:44]} ({Predecessor:} 12... Be7 13. O-O Ng6 14. N2f3 e5 15. Nb3 Nxe3 16. Qxe3 Qc7 17. Rfe1 f6 18. Re2 O-O {0-1 (80) Kruppa,V (1865)-Kovylin,K (2086) Berdsk 2011}) 13. Qxe3 {[%emt 0:01:52]} Nc6 {[%emt 0:00:31]} 14. N2b3 {[%emt 0:01:16]} Be7 {[%emt 0:06:09]} 15. O-O-O {[%emt 0:04:24]} O-O {[%emt 0:10:28]} 16. Nf5 {[%emt 0:03:28]} Qc7 {[%emt 0:00:09]} 17. Nxe7+ {[%emt 0:00:14]} Nxe7 {[%emt 0:00:10]} 18. Qc5 {[%emt 0:02:34]} Qf4+ {[%emt 0:00:22]} 19. Kb1 {[%emt 0:00:57]} Nd5 {[%emt 0:01:02]} 20. Rd4 {[%emt 0:00:52]} (20. Qd4 $11 {remains equal.}) 20... Qf5+ {[%emt 0:00:50]} 21. Ka1 {[%emt 0:00:30]} Rfc8 {[%emt 0:03:09]} 22. Qd6 {[%emt 0:02:11]} Qxf2 {[%emt 0:00:49]} 23. Rd2 {[%emt 0:00:30]} Qe3 {[%emt 0:01:06]} 24. Rhd1 {[%emt 0:00:50]} h6 {[%emt 0:17:20]} 25. Rd3 {[%emt 0:01:49]} Qe4 {[%emt 0:04:36]} 26. Nc5 {[%emt 0:00:47]} Qg6 {[%emt 0:04:22]} 27. Rg3 $2 {[%emt 0:01:02] [#]} (27. Nxb7 $17 {keeps fighting.} Rab8 28. Na5) 27... Qc2 $19 {[%emt 0:00:45]} (27... Qh5 $142 $1 {[%cal Rh5d1]} 28. Rxd5 exd5) 28. Rgd3 {[%emt 0:00:22]} Rc6 {[%emt 0:01:15]} 29. Rxd5 {[%emt 0:06:49]} exd5 {[%emt 0:00:53]} 0-1

[Event "3. Open Bohumin 2020"]
[Site "Bohumin"]
[Date "2020.07.22"]
[Round "5.20"]
[White "Delgerdalai, Bayarjavkhlan"]
[Black "Neumann, Filip"]
[Result "1/2-1/2"]
[WhiteElo "1626"]
[BlackElo "2042"]
[Annotator "TA"]
[PlyCount "130"]
[EventDate "2020.07.18"]
[EventType "swiss"]
[EventCountry "CZE"]
[SourceTitle "playchess.com"]
[Source "ChessBase"]
[SourceQuality "1"]

{[%evp 20,130,0,0,0,0,45,41,45,0,7,0,2,0,0,0,27,31,37,33,58,49,74,32,57,45,69,70,62,27,61,57,45,54,59,4,7,-11,-15,-18,-29,-77,-85,-73,-47,-50,-24,-141,-114,-120,-135,-137,-138,-164,-146,-130,-147,-117,-138,-492,-482,-551,-558,-501,-499,-443,-153,-146,0,0,0,-80,0,0,0,0,0,0,300,295,295,295,297,0,0,0,0,0,0,0,0,0,0,0,0,0,0,0,0,0,0,0,0,0,0,0,0,0,0,0,0,0,0]} 1. e4 c6 2. d4 d5 3. Nc3 dxe4 4. Nxe4 Bf5 5. Ng3 Bg6 6. h4 h6 7. h5 Bh7 8. Nf3 Nd7 9. Bd3 Bxd3 10. Qxd3 e6 11. Bf4 Qa5+ {B19: Classical Caro-Kann: 4...Bf5 main line.} 12. Bd2 Qb6 13. O-O-O $1 Ngf6 {White is slightly better.} 14. Kb1 Be7 15. Ne4 Rd8 16. Nxf6+ Nxf6 17. Be3 {[#]} Nd5 $146 ({Predecessor:} 17... O-O 18. Ne5 Nd7 19. Qe2 Nxe5 20. dxe5 Bc5 21. Bxc5 Qxc5 22. g4 Rd5 23. Rxd5 cxd5 24. f4 Rc8 {0-1 (44) Handke,F (2556)-Medvegy,Z (2561) Germany 2012}) 18. c3 Bf6 19. g4 Qa5 20. Nd2 b5 21. Nb3 Qb6 22. f4 a5 23. g5 Be7 24. Nc5 Nxe3 25. Qxe3 Rd5 $1 {[%cal Re7c5]} 26. Ne4 Qc7 27. g6 (27. Rhf1 $14) 27... O-O $11 28. Ng3 Bd6 29. Rhf1 fxg6 30. hxg6 Rf6 {[%cal Rd6f4]} 31. Qe4 Bxf4 (31... Qb8 {is interesting.} 32. b3 Bxf4 33. Rde1 Rg5 34. Ne2 e5) 32. Ne2 {[%cal Re2f4]} Rdf5 33. Rxf4 (33. Rde1 $1 $11) 33... Rxf4 $17 34. Nxf4 Qxf4 35. Qxc6 $11 {[%mdl 4096] Endgame Threatens to win with Qe8+. KQR-KQR} Qf5+ 36. Ka1 Rxg6 37. Qa8+ Kh7 38. Qxa5 h5 39. a3 $2 {[%mdl 8192]} (39. a4 $17 h4 40. Qxb5 (40. axb5 $2 h3 $19)) 39... h4 $19 40. Qd8 h3 41. Qh4+ Rh6 42. Qg3 Qd5 $2 ({Not} 42... h2 43. Rh1 $17) (42... Qg6 $19 43. Qf3 Qg2 44. Qd3+ Kg8 45. Qxb5 h2) 43. Rg1 $17 {[%csl Gg1][%cal Rg3g7] [#]} g5 (43... Qb7 $1 $17 {Hoping for ...h2.} 44. Qh2 Qf3) 44. Qc7+ $11 Kg6 $1 {White must now prevent ...h2.} 45. Rf1 {[#]} (45. Qe7 $11 h2 46. Qe8+ Kg7 47. Qe7+ Kg6 48. Qe8+ Kg7 49. Qe7+ Kg6) 45... g4 (45... Rh7 $1 $17 {[%cal Rh7c7]} 46. Qb8 Kh5 47. Qe8+ Kh4) 46. Qf7+ Kg5 {Black wants to play ...Qe4.} 47. Qf4+ Kh5 {aiming for ...Qf5!} 48. Re1 {Re5+ is the strong threat.} Rg6 $2 {[%mdl 8192]} (48... Qf5 $11 49. Re5 {[%mdl 64] Pin} Kg6 50. Rxf5 exf5) 49. Re5+ $18 Qxe5 50. Qxe5+ {KQ-KR} Kh4 51. Qf4 $2 ({White should play} 51. Ka2 $18) 51... Rg5 $1 $11 {The position is equal.} 52. Qf2+ g3 53. Qf4+ Kh5 {And now ...g2 would win.} 54. Qf7+ Rg6 55. Qh7+ Rh6 56. Qf7+ Rg6 57. Qh7+ Rh6 58. Qf7+ Kg5 59. Qg7+ Rg6 60. Qe5+ {[%mdl 64] Double Attack} Kh4 61. Qf4+ Kh5 62. Qf3+ Rg4 63. Qf7+ Rg6 64. Qh7+ Rh6 65. Qf7+ Rg6 {Quite a comeback for White. Accuracy: White = 67%, Black = 69%.} 1/2-1/2